Statistics for Tallest Mountains in the Cascades

Click here to take the quiz!

General Stats

  • This quiz has been taken 76 times
  • The average score is 6 of 8

Answer Stats

ElevationLocationMountain% Correct
14,417 ftWashingtonMount Rainier
98%
11,239 ftOregonMount Hood
92%
14,162 ftCaliforniaMount Shasta
87%
10,786 ftWashingtonMount Baker
81%
12,281 ftWashingtonMount Adams
67%
10,457 ftCaliforniaLassen Peak
58%
10,497 ftOregonMount Jefferson
44%
10,541 ftWashingtonGlacier Peak
38%

Score Distribution

Percentile by Number Answered

Percent of People with Each Score

Your Score History

You have not taken this quiz